000
00290nam a2200121Ia 4500
008
191201s2013 xx 000 0 und d
100
_a
KANETKAR, Yashavant
245
0
_a
Let us C Solutions
250
_a
Rev
260
_c
2013
_b
BPB Publication
_a
New Delhi
300
_a
458
942
_2
ddc
_c
BK
999
_c
7869
_d
7869